|
|
|
|
| LEADER |
00000naa2a2200000 4500 |
| 001 |
207054 |
| 005 |
20231031190900.0 |
| 035 |
|
|
|a (RuTPU)RU\TPU\book\225805
|
| 035 |
|
|
|a RU\TPU\book\225804
|
| 090 |
|
|
|a 207054
|
| 100 |
|
|
|a 20120120d1958 k y0rusy50 ca
|
| 101 |
0 |
|
|a rus
|
| 102 |
|
|
|a RU
|
| 200 |
1 |
|
|a Газофазная гидратация этилена на кремневольфрамовом катализаторе
|f М. Я. Клименко [и др.]
|
| 225 |
1 |
|
|a Синтез спиртов и других органических продуктов
|
| 320 |
|
|
|a Библиогр.: с. 82 (5 назв.)
|
| 461 |
|
0 |
|0 (RuTPU)RU\TPU\book\207712
|t Труды Научно-исследовательского института синтетических спиртов и органических продуктов
|f Научно-исследовательский институт синтетических спиртов и органических продуктов (НИИСС)
|d 1958-1961
|
| 463 |
|
0 |
|0 (RuTPU)RU\TPU\book\217081
|t Вып. 1
|v С. 71-82
|d 1958
|p 388 с.
|
| 701 |
|
1 |
|a Клименко
|b М. Я.
|
| 701 |
|
1 |
|a Бергер
|b И. И.
|
| 701 |
|
1 |
|a Меняйло
|b А. Т.
|
| 701 |
|
1 |
|a Раева
|b В. С.
|
| 801 |
|
1 |
|a RU
|b 63413507
|c 20120119
|
| 801 |
|
2 |
|a RU
|b 63413507
|c 20120120
|g RCR
|
| 942 |
|
|
|c BK
|